| Tag |
First Indicator |
Second Indicator |
Subfields |
| LEADER |
00000cam a2200000 4500 |
| 001 |
in00000216607 |
| 005 |
20151009055323.0 |
| 008 |
700915r19681711enk 00000 eng |
| 010 |
|
|
|a 79381701
|
| 015 |
|
|
|a B69-01425
|
| 035 |
|
|
|a (OCoLC)00044185
|
| 035 |
|
|
|9 AAX0513AM
|
| 040 |
|
|
|a DLC
|c DLC
|d TXA
|d UtOrBLW
|
| 049 |
|
|
|a TXAM
|c [918488]
|
| 050 |
0 |
0 |
|a PE1109
|b .G87 1711a
|
| 082 |
0 |
|
|a 425
|
| 100 |
1 |
|
|a Greenwood, James,
|d -1737.
|
| 245 |
1 |
3 |
|a An essay towards a practical English grammar, 1711.
|
| 250 |
|
|
|a [1st ed. reprinted].
|
| 264 |
|
1 |
|a Menston, (Yorks.) :
|b Scolar P.,
|c 1968.
|
| 300 |
|
|
|a 18 unnumbered pages, 310 pages ;
|c 21 cm.
|
| 336 |
|
|
|a text
|b txt
|2 rdacontent
|
| 337 |
|
|
|a unmediated
|b n
|2 rdamedia
|
| 338 |
|
|
|a volume
|b nc
|2 rdacarrier
|
| 490 |
1 |
|
|a English linguistics, 1500-1800: a collection of facsimile reprints,
|v no. 128
|
| 500 |
|
|
|a "A Scolar Press facsimile."
|
| 500 |
|
|
|a Facsimile reprint of 1st edition, London: Printed by R. Tookey, 1711.
|
| 650 |
|
0 |
|a English language
|x Grammar.
|
| 830 |
|
0 |
|a English linguistics, 1500-1800--a collection of facsimile reprints ;
|v no. 128.
|
| 999 |
|
|
|a MARS
|
| 999 |
f |
f |
|s d1d61835-652f-38b8-8088-cbb5a289f5c7
|i 7e4e5809-3c40-3d96-bfe7-18035cfc148a
|t 0
|
| 952 |
f |
f |
|p ric
|a Texas A&M University
|b Rellis Campus
|c Joint Library Facility
|s JLF
|d Remote Storage
|t 0
|e PE1109 .G87 1711a
|h Library of Congress classification
|i unmediated -- volume
|m A14803583240
|
| 998 |
f |
f |
|a PE1109 .G87 1711a
|t 0
|l Remote Storage
|